Statistics for Psych Characters

Click here to take the quiz!

General Stats

  • This quiz has been taken 20 times
  • The average score is 6 of 8

Answer Stats

Answer% Correct
Carlton Lassiter
100%
Burton Guster
95%
Henry Spencer
95%
Shawn Spencer
95%
Juliet O'Hara
85%
Yang
65%
Karen Vick
45%
Declan Rand
5%

Score Distribution

Percentile by Number Answered

Percent of People with Each Score

Your Score History

You have not taken this quiz